[Event "Munich Whitsun op-A 3rd"]
[Site "Munich"]
[Date "2025.06.09"]
[Round "3"]
[White "Fedorovsky, Michael"]
[Black "Kalinichenko, Yury"]
[Result "1/2-1/2"]
[WhiteElo "2389"]
[BlackElo "2211"]
[PlyCount "46"]
[EventDate "2025.06.08"]
[EventType "swiss"]
[EventRounds "9"]
[EventCountry "GER"]
[SourceTitle "CB26_2025"]
[SourceDate "2025.06.25"]
[SourceVersion "1"]
[SourceVersionDate "2025.06.25"]
[SourceQuality "1"]

1. d4 Nf6 2. c4 c5 3. d5 b5 4. cxb5 a6 5. e3 axb5 6. Bxb5 Qa5+ 7. Nc3 Bb7 8. Bd2 Qb6 9. Nf3 Nxd5 10. a4 e6 11. 0-0 Be7 12. e4 Nb4 13. Ne5 0-0 14. Bf4 Qd8 15. Qg4 N8c6 16. Rad1 d6 17. Nxc6 Nxc6 18. e5 Nd4 19. Bh6 Nf5 20. exd6 Nxh6 21. dxe7 Qxe7 22. Qf4 Rfd8 23. Rfe1 Kf8 1/2-1/2

[Event "Munich Whitsun op-A 3rd"]
[Site "Munich"]
[Date "2025.06.08"]
[Round "2"]
[White "Nandish, VS."]
[Black "Fedorovsky, Michael"]
[Result "1/2-1/2"]
[WhiteElo "2241"]
[BlackElo "2389"]
[PlyCount "80"]
[EventDate "2025.06.08"]
[EventType "swiss"]
[EventRounds "9"]
[EventCountry "GER"]
[SourceTitle "CB26_2025"]
[SourceDate "2025.06.25"]
[SourceVersion "1"]
[SourceVersionDate "2025.06.25"]
[SourceQuality "1"]

1. d4 Nf6 2. c4 e6 3. Nf3 b6 4. g3 Ba6 5. Qc2 Bb7 6. Bg2 c5 7. d5 exd5 8. 0-0 Be7 9. Nh4 0-0 10. Nc3 d6 11. cxd5 Re8 12. Nf5 Bf8 13. Rd1 Na6 14. e4 Nc7 15. Qd3 a6 16. a4 b5 17. axb5 axb5 18. Rxa8 Qxa8 19. Bg5 Nd7 20. Nxb5 Nxb5 21. Qxb5 Ne5 22. Bf4 g6 23. Bxe5 Rxe5 24. Ne3 Re8 25. b4 Ba6 26. Qa5 cxb4 27. Qxb4 Rb8 28. Qa3 Be2 29. Qxa8 Rxa8 30. Rd2 Ra1+ 31. Nf1 Ba6 32. e5 Bb5 33. exd6 Bxd6 34. Rb2 Ba6 35. Rb6 Bc5 36. Rc6 Bf8 37. d6 Bxf1 38. Bxf1 Rd1 39. Rc7 Bxd6 40. Rd7 Rd4 1/2-1/2

[Event "PlusCity Grand Prix Rapid"]
[Site "Pasching"]
[Date "2025.05.30"]
[Round "8"]
[White "Froewis, Georg"]
[Black "Fedorovsky, Michael"]
[Result "1-0"]
[WhiteElo "2428"]
[BlackElo "2389"]
[PlyCount "103"]
[EventDate "2025.05.30"]
[EventType "swiss (rapid)"]
[EventRounds "9"]
[EventCountry "AUT"]
[SourceTitle "CB23_2025"]
[SourceDate "2025.06.04"]
[SourceVersion "1"]
[SourceVersionDate "2025.06.04"]
[SourceQuality "1"]

1. Nf3 Nf6 2. c4 e6 3. Nc3 d5 4. e3 Be7 5. b3 0-0 6. Bb2 c5 7. cxd5 exd5 8. d4 cxd4 9. Nxd4 Nc6 10. Be2 Qb6 11. Nxc6 bxc6 12. 0-0 Be6 13. Rc1 Rac8 14. Na4 Qa5 15. Bc3 Qc7 16. Bd4 Ne4 17. Nc5 Bd6 18. h3 Nxc5 19. Bxc5 Rfe8 20. Qc2 g6 21. Rfd1 Be5 22. Ba6 Bf5 23. Qd2 Rcd8 24. Bf1 h5 25. Bd4 Bd6 26. Qc3 Re6 27. b4 Qe7 28. Bc5 Qg5 29. Bxd6 Rexd6 30. Kh2 d4 31. exd4 Qf4+ 32. Kg1 Rxd4 33. Rxd4 Rxd4 34. a3 Rd2 35. f3 Bxh3 36. Re1 Be6 37. Re4 Qd6 38. Re1 Qd4+ 39. Qxd4 Rxd4 40. Rc1 Bd5 41. Kf2 Rd2+ 42. Ke3 Ra2 43. Rc3 Kg7 44. g3 g5 45. Kd4 Rf2 46. Bd3 Bxf3 47. Ke3 Ra2 48. Kxf3 f6 49. Be4 Kf7 50. Bxc6 f5 51. Bd5+ Kf6 52. Bxa2 1-0

[Event "Bundesliga 2425"]
[Site "Germany"]
[Date "2025.04.26"]
[Round "14.8"]
[White "Fedorovsky, Michael"]
[Black "Jahncke, Giso"]
[Result "1-0"]
[WhiteElo "2414"]
[BlackElo "2234"]
[PlyCount "99"]
[EventDate "2024.09.28"]
[EventType "team-tourn"]
[EventRounds "15"]
[EventCountry "GER"]
[SourceTitle "CB18_2025"]
[SourceDate "2025.04.30"]
[SourceVersion "1"]
[SourceVersionDate "2025.04.30"]
[SourceQuality "1"]
[WhiteTeam "Bayern Muenchen"]
[BlackTeam "St Pauli"]
[WhiteTeamCountry "GER"]
[BlackTeamCountry "GER"]

1. d4 d5 2. c4 c5 3. cxd5 Qxd5 4. Nf3 cxd4 5. Nc3 Qa5 6. Nxd4 Nf6 7. g3 e5 8. Nb3 Qc7 9. Bg2 Bb4 10. Bd2 0-0 11. Rc1 Nc6 12. 0-0 Rd8 13. Qc2 Be6 14. Bg5 Rac8 15. Ne4 Be7 16. Nxf6+ gxf6 17. Be3 Qd7 18. Qb1 Bf5 19. Be4 Bg6 20. f4 exf4 21. Rxf4 Qe6 22. Bf2 Bd6 23. Rh4 f5 24. Bd3 Ne5 25. Nd4 Rxc1+ 26. Qxc1 Qf6 27. Bxf5 Bxf5 28. Rf4 Nc6 29. Rxf5 Nxd4 30. Qg5+ Qxg5 31. Rxg5+ Kf8 32. Bxd4 Be7 33. Bg7+ Ke8 34. Re5 Rd1+ 35. Kg2 Kd7 36. Re4 f6 37. Bh6 Rb1 38. Rd4+ Ke6 39. Rd2 Bc5 40. e4 b6 41. Kf3 Re1 42. Bf4 h5 43. b3 a6 44. Re2 Rg1 45. Rc2 a5 46. Rc1 f5 47. exf5+ Kxf5 48. Rxg1 Bxg1 49. h3 a4 50. Be3 1-0

[Event "Bundesliga 2425"]
[Site "Germany"]
[Date "2024.10.06"]
[Round "2.7"]
[White "Fedorovsky, Michael"]
[Black "Graf, Alexander"]
[Result "1/2-1/2"]
[WhiteElo "2414"]
[BlackElo "2528"]
[PlyCount "88"]
[EventDate "2024.09.28"]
[EventType "team-tourn"]
[EventRounds "15"]
[EventCountry "GER"]
[SourceTitle "EXT 2025"]
[Source "ChessBase"]
[SourceDate "2024.10.14"]
[SourceVersion "1"]
[SourceVersionDate "2024.10.14"]
[SourceQuality "1"]
[WhiteTeam "Bayern Muenchen"]
[BlackTeam "Deizisau"]
[WhiteTeamCountry "GER"]
[BlackTeamCountry "GER"]

1. d4 Nf6 2. c4 e6 3. Nf3 d5 4. Nc3 c6 5. e3 Nbd7 6. Qc2 Be7 7. b3 0-0 8. Bb2 b6 9. Bd3 Bb7 10. 0-0 Qc7 11. Rad1 Rfe8 12. Rfe1 Rad8 13. h3 h6 14. e4 dxe4 15. Nxe4 c5 16. dxc5 Nxc5 17. Nxf6+ Bxf6 18. Bxf6 gxf6 19. Be2 Rxd1 20. Rxd1 Rd8 21. Rxd8+ Qxd8 22. Qd2 Qxd2 23. Nxd2 a5 24. Bf3 Bxf3 25. Nxf3 Nd3 26. Nd2 Nb4 27. a3 Nc2 28. Ne4 Nxa3 29. Nxf6+ Kg7 30. Nd7 a4 31. bxa4 Nxc4 32. Kf1 f6 33. Ke2 Kf7 34. Kd3 Nb2+ 35. Kc3 Nxa4+ 36. Kb4 Nb2 37. Nxb6 Nd3+ 38. Kc3 Nf4 39. Kd4 Nxg2 40. Ke4 e5 41. Kf5 Nf4 42. Nc4 Nxh3 43. Nd6+ Ke7 44. Ne4 h5 1/2-1/2

[Event "AUT-chT2W 2425"]
[Site "Austria"]
[Date "2024.09.29"]
[Round "3.2"]
[White "Fedorovsky, Michael"]
[Black "Prusikin, Michael"]
[Result "0-1"]
[WhiteElo "2414"]
[BlackElo "2516"]
[PlyCount "90"]
[EventDate "2024.09.27"]
[EventType "team-tourn"]
[EventRounds "11"]
[EventCountry "AUT"]
[SourceTitle "EXT 2025"]
[Source "ChessBase"]
[SourceDate "2024.10.14"]
[SourceVersion "1"]
[SourceVersionDate "2024.10.14"]
[SourceQuality "1"]
[WhiteTeam "Jenbach"]
[BlackTeam "Schach ohne Grenzen"]
[WhiteTeamCountry "AUT"]
[BlackTeamCountry "AUT"]

1. d4 d5 2. c4 e6 3. Nc3 Nf6 4. Nf3 Be7 5. Bg5 h6 6. Bh4 0-0 7. e3 Ne4 8. Bxe7 Qxe7 9. Qc2 Nxc3 10. Qxc3 dxc4 11. Bxc4 b6 12. 0-0 Bb7 13. Be2 c5 14. dxc5 Rc8 15. b4 bxc5 16. bxc5 Nd7 17. Rfc1 Rxc5 18. Qb2 Bd5 19. Rxc5 Qxc5 20. a4 Rb8 21. Qd2 a5 22. e4 Bc6 23. Rc1 Qb6 24. Qc2 Bb7 25. Bb5 Rc8 26. Qxc8+ Bxc8 27. Rxc8+ Kh7 28. e5 Qb7 29. Rd8 Nc5 30. h4 Qe4 31. Rd4 Qb1+ 32. Kh2 g6 33. Rf4 Kg8 34. Be8 Nd3 35. Rxf7 Qb8 36. Bb5 Nxe5 37. Nxe5 Qxe5+ 38. f4 Qe1 39. Ra7 Qxh4+ 40. Kg1 Qxf4 41. Ra8+ Kf7 42. Ra7+ Kf6 43. Ra8 Kg5 44. Ra6 Qe3+ 45. Kh1 Kh4 0-1

[Event "AUT-chT2W 2425"]
[Site "Austria"]
[Date "2024.09.28"]
[Round "2.2"]
[White "Deglmann, Ludwig"]
[Black "Fedorovsky, Michael"]
[Result "0-1"]
[WhiteElo "2222"]
[BlackElo "2414"]
[PlyCount "100"]
[EventDate "2024.09.27"]
[EventType "team-tourn"]
[EventRounds "11"]
[EventCountry "AUT"]
[SourceTitle "EXT 2025"]
[Source "ChessBase"]
[SourceDate "2024.10.14"]
[SourceVersion "1"]
[SourceVersionDate "2024.10.14"]
[SourceQuality "1"]
[WhiteTeam "Schwaz"]
[BlackTeam "Jenbach"]
[WhiteTeamCountry "AUT"]
[BlackTeamCountry "AUT"]

1. g3 d5 2. Nf3 Nf6 3. b3 c5 4. Bg2 g6 5. e3 Bg7 6. Bb2 0-0 7. 0-0 Nc6 8. Ne5 Nxe5 9. Bxe5 Bg4 10. Qc1 Qd7 11. d4 cxd4 12. exd4 Bh3 13. c4 dxc4 14. bxc4 Rac8 15. Na3 Rfd8 16. Qb2 Bxg2 17. Kxg2 Ne8 18. Bxg7 Nxg7 19. Rad1 Nf5 20. d5 Rc5 21. Rfe1 Nd6 22. Qe5 Nf5 23. Qb2 Rdc8 24. Qe5 a6 25. g4 Nd6 26. h3 R8c7 27. Rd4 Nxc4 28. Nxc4 Rxc4 29. d6 Rxd4 30. dxc7 Rc4 31. Qxe7 Rxc7 32. Qe5 Rc8 33. Re3 Rd8 34. f3 Qd6 35. Qe4 Qd5 36. Qe7 Qxa2+ 37. Re2 Qd5 38. h4 h6 39. Qf6 Rf8 40. Re7 Qc6 41. Qf4 Kg7 42. g5 h5 43. Qe5+ Kg8 44. Rc7 Re8 45. Re7 Rxe7 46. Qxe7 b5 47. Qd8+ Kh7 48. Qa5 Qd6 49. Qc3 b4 50. Qc4 Kg7 0-1

[Event "Barcelona Sants op 25th"]
[Site "Barcelona"]
[Date "2024.08.23"]
[Round "1"]
[White "Fedorovsky, Michael"]
[Black "Lacasa Diaz, Oriol"]
[Result "1-0"]
[WhiteElo "2414"]
[BlackElo "2020"]
[PlyCount "41"]
[EventDate "2024.08.23"]
[EventType "swiss"]
[EventRounds "10"]
[EventCountry "ESP"]
[SourceTitle "CBM 221 Extra"]
[Source "ChessBase"]
[SourceDate "2024.09.30"]
[SourceVersion "1"]
[SourceVersionDate "2024.09.30"]
[SourceQuality "1"]

1. d4 d5 2. c4 e6 3. Nf3 Nf6 4. Nc3 c5 5. cxd5 cxd4 6. Qxd4 exd5 7. Bg5 Be7 8. e3 0-0 9. Rd1 Nc6 10. Qa4 Be6 11. a3 Qb6 12. Qb5 Qxb5 13. Bxb5 Rfd8 14. 0-0 h6 15. Bh4 Bg4 16. Bxf6 Bxf6 17. Nxd5 Bxb2 18. Bxc6 bxc6 19. Ne7+ Kf8 20. Rxd8+ Rxd8 21. Nxc6 1-0

[Event "Munich op-A 2nd"]
[Site "Munich"]
[Date "2024.06.02"]
[Round "9"]
[White "Fedorovsky, Michael"]
[Black "Doluhanova, Evgeniya"]
[Result "1/2-1/2"]
[WhiteElo "2406"]
[BlackElo "2272"]
[PlyCount "42"]
[EventDate "2024.05.26"]
[EventType "swiss"]
[EventRounds "9"]
[EventCountry "GER"]
[SourceTitle "CBM 220 Extra"]
[Source "ChessBase"]
[SourceDate "2024.07.31"]
[SourceVersion "1"]
[SourceVersionDate "2024.07.31"]
[SourceQuality "1"]

1. d4 Nf6 2. Nf3 e6 3. g3 b6 4. Bg2 Bb7 5. c4 Be7 6. 0-0 0-0 7. Re1 d5 8. cxd5 exd5 9. Bf4 Na6 10. Nc3 c5 11. dxc5 Nxc5 12. Nd4 Nfe4 13. Nxe4 dxe4 14. Nf5 Re8 15. Qc2 Bf8 16. Rad1 Qf6 17. Nd6 Bxd6 18. Rxd6 Ne6 19. Bxe4 Bxe4 20. Qxe4 Nxf4 21. Qxf4 Qxb2 1/2-1/2

[Event "BL2-Sued playoff 1"]
[Site "Germany"]
[Date "2024.05.05"]
[Round "20.3"]
[White "Fedorovsky, Michael"]
[Black "Lavrinenkov, Vadim"]
[Result "0-1"]
[WhiteElo "2406"]
[BlackElo "2267"]
[PlyCount "102"]
[EventDate "2024.05.04"]
[EventType "team-k.o."]
[EventRounds "2"]
[EventCountry "GER"]
[SourceTitle "EXT 2025"]
[Source "ChessBase"]
[SourceDate "2024.10.14"]
[SourceVersion "1"]
[SourceVersionDate "2024.10.14"]
[SourceQuality "1"]
[WhiteTeam "Bayern Muenchen II"]
[BlackTeam "Augsburg"]
[WhiteTeamCountry "GER"]
[BlackTeamCountry "GER"]

1. d4 Nf6 2. c4 e6 3. Nc3 Bb4 4. e3 0-0 5. Nf3 d5 6. Bd2 b6 7. Rc1 Bb7 8. a3 Be7 9. Bd3 dxc4 10. Bxc4 c5 11. dxc5 Bxc5 12. 0-0 Nbd7 13. Be2 Be7 14. Qc2 Rc8 15. Rfd1 a6 16. Be1 Qc7 17. Qb1 Qb8 18. Ng5 Rfd8 19. Bf3 Ne5 20. Bxb7 Qxb7 21. Rxd8+ Rxd8 22. Rd1 Rd7 23. Rxd7 Qxd7 24. Nce4 Qd3 25. Qxd3 Nxd3 26. Bc3 Nd5 27. Nf3 f5 28. Neg5 Nxc3 29. bxc3 e5 30. e4 h6 31. Ne6 fxe4 32. Nd2 Bxa3 33. Nxe4 Nc5 34. N6xc5 Bxc5 35. Kf1 Kf7 36. Ke2 Ke6 37. Kd3 Kd5 38. c4+ Kc6 39. g4 a5 40. h4 b5 41. Kc3 a4 42. cxb5+ Kxb5 43. Kb2 Kc4 44. h5 a3+ 45. Ka2 Be7 46. Ng3 Kd3 47. Kb3 Kd2 48. Nf5 Bf8 49. Ng3 Ke1 50. Ne4 Be7 51. Ka2 Ke2 0-1

[Event "AUT-chT2W 2324"]
[Site "Austria"]
[Date "2024.04.19"]
[Round "9.1"]
[White "Neukirchner, Pascal"]
[Black "Fedorovsky, Michael"]
[Result "1/2-1/2"]
[WhiteElo "2265"]
[BlackElo "2395"]
[PlyCount "82"]
[EventDate "2023.09.29"]
[EventType "team-tourn"]
[EventRounds "11"]
[EventCountry "AUT"]
[SourceTitle "EXT 2025"]
[Source "ChessBase"]
[SourceDate "2024.10.14"]
[SourceVersion "1"]
[SourceVersionDate "2024.10.14"]
[SourceQuality "1"]
[WhiteTeam "Schwarzach"]
[BlackTeam "Jenbach II"]
[WhiteTeamCountry "AUT"]
[BlackTeamCountry "AUT"]

1. Nf3 d5 2. g3 Nf6 3. Bg2 c5 4. 0-0 Nc6 5. d4 e6 6. c4 dxc4 7. dxc5 Qxd1 8. Rxd1 Bxc5 9. Nbd2 c3 10. bxc3 0-0 11. Nb3 Be7 12. c4 Bd7 13. Bb2 Rfc8 14. c5 Be8 15. Nfd2 b6 16. cxb6 axb6 17. Nc4 Rab8 18. Rac1 Nb4 19. Be5 Nxa2 20. Ra1 Ba4 21. Ncd2 Nc3 22. Re1 b5 23. Bxb8 Rxb8 24. Nd4 Rd8 25. e3 Kf8 26. Nb1 Nfe4 27. Nc6 Rc8 28. Nxe7 Kxe7 29. f3 Nxb1 30. Rexb1 Nc3 31. Rb2 Nd1 32. Rxb5 Bxb5 33. Rxd1 Rc3 34. Re1 Rc2 35. Bf1 Bxf1 36. Rxf1 Re2 37. e4 g5 38. Rf2 Re3 39. g4 Kf6 40. Kg2 Ke5 41. Kg3 f5 1/2-1/2

[Event "Karlsruhe Grenke op"]
[Site "Karlsruhe"]
[Date "2024.03.30"]
[Round "5"]
[White "Fedorovsky, Michael"]
[Black "Erigaisi, Arjun Kumar"]
[Result "0-1"]
[WhiteElo "2419"]
[BlackElo "2748"]
[PlyCount "26"]
[EventDate "2024.03.28"]
[EventType "swiss"]
[EventRounds "9"]
[EventCountry "GER"]
[SourceTitle "EXT 2025"]
[Source "ChessBase"]
[SourceDate "2024.10.14"]
[SourceVersion "1"]
[SourceVersionDate "2024.10.14"]
[SourceQuality "1"]

1. e4 c5 2. Nf3 d6 3. d4 cxd4 4. Nxd4 Nf6 5. Nc3 a6 6. Bg5 Nbd7 7. Qe2 e6 8. 0-0-0 Qc7 9. g3 Be7 10. Bg2 h6 11. Be3 g6 12. f4 e5 13. Rhf1 Nb6 0-1

[Event "Karlsruhe Grenke op"]
[Site "Karlsruhe"]
[Date "2024.03.30"]
[Round "4"]
[White "Lutz, Ruben"]
[Black "Fedorovsky, Michael"]
[Result "0-1"]
[WhiteElo "2270"]
[BlackElo "2419"]
[PlyCount "138"]
[EventDate "2024.03.28"]
[EventType "swiss"]
[EventRounds "9"]
[EventCountry "GER"]
[SourceTitle "CBM 219 Extra"]
[Source "ChessBase"]
[SourceDate "2024.05.31"]
[SourceVersion "1"]
[SourceVersionDate "2024.05.31"]
[SourceQuality "1"]

1. d4 Nf6 2. Nf3 d5 3. c4 e6 4. Nc3 a6 5. cxd5 exd5 6. Bg5 Be6 7. e3 Nbd7 8. Bd3 Bd6 9. 0-0 c6 10. Qc2 Qc7 11. Bh4 0-0 12. Bg3 Bxg3 13. hxg3 h6 14. Nh4 Rac8 15. Nf5 Bxf5 16. Bxf5 g6 17. Bd3 Kg7 18. Rad1 h5 19. e4 dxe4 20. Bxe4 Rh8 21. Rfe1 Qd6 22. Qb3 b5 23. Bf3 Rhe8 24. Rxe8 Rxe8 25. a3 c5 26. dxc5 Qxc5 27. Nd5 Nxd5 28. Bxd5 Nf6 29. Bf3 Ng4 30. Bxg4 hxg4 31. Qd3 Qe5 32. Qd2 Re6 33. Rc1 Rd6 34. Qc2 Qd4 35. Re1 Qd2 36. Re2 Qxc2 37. Rxc2 Rd1+ 38. Kh2 Rb1 39. f3 f5 40. Rd2 a5 41. fxg4 fxg4 42. a4 bxa4 43. Rd4 Rxb2 44. Rxa4 Rb5 45. Rxg4 Kf6 46. Rc4 g5 47. Kg1 Ke6 48. Kf2 Re5 49. Kf3 Kd5 50. Rc8 Kd4 51. Rc7 Rc5 52. Ra7 Kc4 53. Ke4 Rb5 54. g4 Kb3 55. Rf7 a4 56. Rf5 Kb4 57. Kd3 Rc5 58. Rf8 Rc3+ 59. Kd4 Rc4+ 60. Kd3 Rxg4 61. Rf2 Kb3 62. Kd2 Rc4 63. Rf5 a3 64. Rb5+ Ka4 65. Rxg5 a2 66. Rg8 Kb3 67. Rb8+ Rb4 68. Ra8 Ra4 69. Rb8+ Ka3 0-1

[Event "BL2-Ost 2324"]
[Site "Germany"]
[Date "2024.02.24"]
[Round "7.3"]
[White "Berczes, David"]
[Black "Fedorovsky, Michael"]
[Result "1/2-1/2"]
[WhiteElo "2425"]
[BlackElo "2414"]
[PlyCount "47"]
[EventDate "2023.10.21"]
[EventType "team-tourn"]
[EventRounds "10"]
[EventCountry "GER"]
[SourceTitle "EXT 2025"]
[Source "ChessBase"]
[SourceDate "2024.10.14"]
[SourceVersion "1"]
[SourceVersionDate "2024.10.14"]
[SourceQuality "1"]
[WhiteTeam "Nickelhuette Aue"]
[BlackTeam "Bayern Muenchen II"]
[WhiteTeamCountry "GER"]
[BlackTeamCountry "GER"]

1. Nf3 d5 2. d4 Nf6 3. e3 c5 4. c3 Qc7 5. dxc5 Qxc5 6. b4 Qc7 7. Bb2 e5 8. a3 a5 9. Nbd2 Nbd7 10. Bb5 Bd6 11. c4 axb4 12. axb4 Rxa1 13. Qxa1 dxc4 14. 0-0 e4 15. Ng5 0-0 16. h3 Bh2+ 17. Kh1 Be5 18. Bxc4 Bxb2 19. Qxb2 Qe5 20. Qxe5 Nxe5 21. Bb3 Bf5 22. f4 exf3 23. Ndxf3 Nxf3 24. Nxf3 1/2-1/2

[Event "BL2-Ost 2324"]
[Site "Germany"]
[Date "2024.02.03"]
[Round "5.4"]
[White "Fedorovsky, Michael"]
[Black "Sedlak, Nikola"]
[Result "1/2-1/2"]
[WhiteElo "2414"]
[BlackElo "2453"]
[PlyCount "69"]
[EventDate "2023.10.21"]
[EventType "team-tourn"]
[EventRounds "10"]
[EventCountry "GER"]
[SourceTitle "EXT 2025"]
[Source "ChessBase"]
[SourceDate "2024.10.14"]
[SourceVersion "1"]
[SourceVersionDate "2024.10.14"]
[SourceQuality "1"]
[WhiteTeam "Bayern Muenchen II"]
[BlackTeam "Deggendorf"]
[WhiteTeamCountry "GER"]
[BlackTeamCountry "GER"]

1. d4 d5 2. Nc3 Nf6 3. Bf4 e6 4. Nb5 Na6 5. e3 c6 6. Nc3 Nc7 7. a3 Bd6 8. Bd3 Bxf4 9. exf4 Qd6 10. g3 b6 11. Nf3 Ba6 12. 0-0 0-0 13. Re1 Bxd3 14. Qxd3 c5 15. dxc5 bxc5 16. Rad1 Rab8 17. Ne5 Qa6 18. Qxa6 Nxa6 19. b3 Rb7 20. f5 d4 21. fxe6 dxc3 22. exf7+ Rfxf7 23. Nxf7 Kxf7 24. Re3 Nc7 25. Rxc3 Ne6 26. b4 cxb4 27. axb4 Rxb4 28. Ra1 Rb7 29. Rca3 Kg6 30. Rxa7 Rb2 31. R7a2 Rb5 32. Ra5 Rb2 33. R5a2 Rb5 34. Ra5 Rb2 35. R5a2 1/2-1/2

[Event "AUT-chT2W 2324"]
[Site "Austria"]
[Date "2024.01.19"]
[Round "6.1"]
[White "Fedorovsky, Michael"]
[Black "Petrov, Marian"]
[Result "1-0"]
[WhiteElo "2395"]
[BlackElo "2446"]
[PlyCount "85"]
[EventDate "2023.09.29"]
[EventType "team-tourn"]
[EventRounds "11"]
[EventCountry "AUT"]
[SourceTitle "EXT 2025"]
[Source "ChessBase"]
[SourceDate "2024.10.14"]
[SourceVersion "1"]
[SourceVersionDate "2024.10.14"]
[SourceQuality "1"]
[WhiteTeam "Jenbach II"]
[BlackTeam "Lustenau"]
[WhiteTeamCountry "AUT"]
[BlackTeamCountry "AUT"]

1. d4 g6 2. e4 Bg7 3. Nc3 d6 4. Be3 a6 5. Nf3 b5 6. Qd2 Nd7 7. h4 h5 8. Ng5 e6 9. a4 b4 10. Na2 a5 11. c3 bxc3 12. Nxc3 Ngf6 13. Nb5 0-0 14. Rc1 Bb7 15. Nxc7 Rc8 16. Ncxe6 fxe6 17. Nxe6 Nxe4 18. Nxd8 Nxd2 19. Nxb7 Rxc1+ 20. Kxd2 Rc7 21. Nxd6 Nb6 22. b3 Kh7 23. Bd3 Nd5 24. Ne4 Rb8 25. Ng5+ Kh8 26. Ne6 Re7 27. Nc5 Nxe3 28. fxe3 Bh6 29. Be4 Rf7 30. Kd3 Bf8 31. Bd5 Rf5 32. e4 Rf2 33. Nd7 Rc8 34. Nxf8 Rcxf8 35. e5 Rd8 36. Bf3 Rb8 37. Rb1 Ra2 38. d5 Kg7 39. d6 Rxa4 40. bxa4 Rxb1 41. Kc4 Kf7 42. Bd5+ Ke8 43. e6 1-0

[Event "BL2-Ost 2324"]
[Site "Germany"]
[Date "2023.12.01"]
[Round "8.3"]
[White "Fedorovsky, Michael"]
[Black "Enders, Peter"]
[Result "1-0"]
[WhiteElo "2414"]
[BlackElo "2402"]
[PlyCount "79"]
[EventDate "2023.10.21"]
[EventType "team-tourn"]
[EventRounds "10"]
[EventCountry "GER"]
[SourceTitle "EXT 2025"]
[Source "ChessBase"]
[SourceDate "2024.10.14"]
[SourceVersion "1"]
[SourceVersionDate "2024.10.14"]
[SourceQuality "1"]
[WhiteTeam "Bayern Muenchen II"]
[BlackTeam "Erfurt"]
[WhiteTeamCountry "GER"]
[BlackTeamCountry "GER"]

1. d4 Nf6 2. c4 g6 3. Nc3 Bg7 4. e4 d6 5. Nf3 0-0 6. Be2 Nbd7 7. 0-0 e5 8. Be3 Re8 9. d5 Nh5 10. g3 Bf8 11. Ne1 Ng7 12. Nd3 f5 13. Qd2 Nf6 14. f3 Be7 15. Nf2 Rf8 16. Bh6 Kh8 17. Kh1 Ng8 18. Be3 Nh5 19. exf5 gxf5 20. f4 Ng7 21. Rae1 Bf6 22. fxe5 dxe5 23. c5 Bd7 24. b4 Ne7 25. b5 Ng6 26. c6 bxc6 27. dxc6 Be6 28. Qxd8 Bxd8 29. Nd3 Be7 30. Nc5 Bg8 31. Rd1 Rfc8 32. Nd5 Bd6 33. a4 f4 34. Bc1 Ne6 35. Ne4 Nd4 36. Bc4 Bf8 37. gxf4 Bg7 38. f5 Rd8 39. Ne3 Bxc4 40. Nxc4 1-0

[Event "AUT-chT2W 2324"]
[Site "Austria"]
[Date "2023.10.01"]
[Round "3.2"]
[White "Sucher, Johannes"]
[Black "Fedorovsky, Michael"]
[Result "0-1"]
[WhiteElo "2060"]
[BlackElo "2395"]
[PlyCount "60"]
[EventDate "2023.09.29"]
[EventType "team-tourn"]
[EventRounds "11"]
[EventCountry "AUT"]
[SourceTitle "CBM 216 Extra"]
[Source "ChessBase"]
[SourceDate "2023.11.30"]
[SourceVersion "1"]
[SourceVersionDate "2023.11.30"]
[SourceQuality "1"]
[WhiteTeam "Pradl"]
[BlackTeam "Jenbach II"]
[WhiteTeamCountry "AUT"]
[BlackTeamCountry "AUT"]

1. d4 d5 2. Nf3 Nf6 3. c4 e6 4. Nc3 c6 5. Bg5 dxc4 6. e4 b5 7. e5 h6 8. Bh4 g5 9. Nxg5 hxg5 10. Bxg5 Be7 11. exf6 Bxf6 12. Bxf6 Qxf6 13. g3 Bb7 14. Bg2 Na6 15. Nxb5 cxb5 16. Bxb7 Nb4 17. 0-0 Rd8 18. Qd2 Nd3 19. Bc6+ Kf8 20. Bxb5 Rxd4 21. Bc6 Kg7 22. Qe3 Ne5 23. Qxd4 Nf3+ 24. Bxf3 Qxd4 25. Rab1 Rb8 26. Be2 Qe4 27. Rfe1 c3 28. b3 Rd8 29. Bc4 c2 30. Rbc1 Qxe1+ 0-1

[Event "AUT-chT2W 2324"]
[Site "Austria"]
[Date "2023.09.30"]
[Round "2.2"]
[White "Fedorovsky, Michael"]
[Black "Bertagnolli, Alexander"]
[Result "1-0"]
[WhiteElo "2395"]
[BlackElo "2339"]
[PlyCount "95"]
[EventDate "2023.09.29"]
[EventType "team-tourn"]
[EventRounds "11"]
[EventCountry "AUT"]
[SourceTitle "CBM 216 Extra"]
[Source "ChessBase"]
[SourceDate "2023.11.30"]
[SourceVersion "1"]
[SourceVersionDate "2023.11.30"]
[SourceQuality "1"]
[WhiteTeam "Jenbach II"]
[BlackTeam "Kufstein/Woergl"]
[WhiteTeamCountry "AUT"]
[BlackTeamCountry "AUT"]

1. d4 e6 2. c4 f5 3. g3 Nf6 4. Bg2 c6 5. Nc3 d5 6. Nh3 Be7 7. 0-0 Nbd7 8. Nf4 Nf8 9. Rb1 g5 10. Nd3 N6d7 11. cxd5 exd5 12. b4 a6 13. a4 Ne6 14. b5 axb5 15. axb5 0-0 16. e3 Nf6 17. bxc6 bxc6 18. Ne5 Qd6 19. Rb6 Ra6 20. Nb5 Qd8 21. Rxa6 Bxa6 22. Nxc6 Qd7 23. Nxe7+ Qxe7 24. Ba3 Qd7 25. Bxf8 Nxf8 26. Nc3 Bxf1 27. Kxf1 Ng6 28. Qa4 Qxa4 29. Nxa4 Kf7 30. Ke2 Ke6 31. f3 h5 32. Nc5+ Kd6 33. Bh3 Ne7 34. Kd3 g4 35. Bg2 Nd7 36. Nxd7 Kxd7 37. h3 gxh3 38. Bxh3 Kd6 39. Ke2 Kc6 40. Kf2 Kc7 41. Bf1 Kd6 42. Bb5 Ng8 43. Be8 Nf6 44. Bg6 Ke6 45. Kg2 h4 46. gxh4 Nd7 47. Kg3 Kf6 48. Bh5 1-0

[Event "AUT-chT2W 2324"]
[Site "Austria"]
[Date "2023.09.29"]
[Round "1.2"]
[White "Fedorovsky, Michael"]
[Black "Doric, Darko"]
[Result "1/2-1/2"]
[WhiteElo "2395"]
[BlackElo "2439"]
[PlyCount "82"]
[EventDate "2023.09.29"]
[EventType "team-tourn"]
[EventRounds "11"]
[EventCountry "AUT"]
[SourceTitle "CBM 216 Extra"]
[Source "ChessBase"]
[SourceDate "2023.11.30"]
[SourceVersion "1"]
[SourceVersionDate "2023.11.30"]
[SourceQuality "1"]
[WhiteTeam "Jenbach II"]
[BlackTeam "Absam"]
[WhiteTeamCountry "AUT"]
[BlackTeamCountry "AUT"]

1. d4 d5 2. c4 dxc4 3. e3 e6 4. Bxc4 Nf6 5. Nf3 c5 6. 0-0 Nc6 7. Nc3 a6 8. a4 cxd4 9. exd4 Be7 10. Re1 0-0 11. Bg5 h6 12. Bh4 Nb4 13. Qb3 Nbd5 14. Bxf6 Nxf6 15. d5 exd5 16. Nxd5 Nxd5 17. Bxd5 Bf6 18. Ne5 Bxe5 19. Rxe5 Qf6 20. Rae1 Rb8 21. Re8 Bf5 22. Rxf8+ Kxf8 23. Bxb7 Qd6 24. Qe3 Be6 25. Qe4 a5 26. h3 Kg8 27. Re3 Qd2 28. Ba6 Rxb2 29. Qa8+ Kh7 30. Bd3+ g6 31. Qf3 Qc1+ 32. Kh2 Qc7+ 33. Qg3 Qxg3+ 34. Kxg3 Kg7 35. Bb5 Kf6 36. f3 Rb4 37. Rc3 Bb3 38. Rc6+ Kg7 39. Rc5 h5 40. h4 Bxa4 41. Bd3 Bd7 1/2-1/2